Detalles MARC
| 000 -LEADER |
| fixed length control field |
01424nam a2200289 a 4500 |
| 001 - CONTROL NUMBER |
| control field |
000000185 |
| 003 - CONTROL NUMBER IDENTIFIER |
| control field |
OSt |
| 005 - DATE AND TIME OF LATEST TRANSACTION |
| control field |
20230712123832.0 |
| 008 - FIXED-LENGTH DATA ELEMENTS--GENERAL INFORMATION |
| fixed length control field |
081127s2005 dr 000 0 spa d |
| 020 ## - INTERNATIONAL STANDARD BOOK NUMBER |
| International Standard Book Number |
9789945406085 |
| 040 ## - CATALOGING SOURCE |
| Original cataloging agency |
DO-SdBNP |
| Language of cataloging |
spa |
| Transcribing agency |
BPMSU |
| 082 ## - DEWEY DECIMAL CLASSIFICATION NUMBER |
| Classification number |
320.97293 |
| Item number |
B742d,2005 |
| Edition number |
22 |
| 100 1# - MAIN ENTRY--PERSONAL NAME |
| Personal name |
Bosch, Juan, |
| Dates associated with a name |
1909-2001 |
| 9 (RLIN) |
1 |
| 100 z# - MAIN ENTRY--PERSONAL NAME |
| Personal name |
Bosch Gaviño, Juan, |
| Dates associated with a name |
1909-2001 |
| 100 z# - MAIN ENTRY--PERSONAL NAME |
| Personal name |
Gaviño, Juan Bosch |
| Dates associated with a name |
1909-2001 |
| 245 10 - TITLE STATEMENT |
| Title |
Dictadura con respaldo popular / |
| Statement of responsibility, etc. |
Juan Bosch. |
| 250 ## - EDITION STATEMENT |
| Edition statement |
5a ed. |
| 260 ## - PUBLICATION, DISTRIBUTION, ETC. (IMPRINT) |
| Place of publication, distribution, etc. |
Santo Domingo : |
| Name of publisher, distributor, etc. |
Alfa & Omega, |
| Date of publication, distribution, etc. |
2005 |
| 300 ## - PHYSICAL DESCRIPTION |
| Extent |
229 p. ; |
| Dimensions |
21 cm. |
| 505 0# - FORMATTED CONTENTS NOTE |
| Title |
Contextualización y vigencia de un texto -- |
| -- |
El próximo paso : dictadura con respaldo popular -- |
| -- |
Oligarquía, burguesía y pequeña burguesía -- |
| -- |
Oligarquía y antitrujillismo -- |
| -- |
Necedades acerca de la burguesía nacional -- |
| -- |
¿Dictadura del proletariado?, no : dictadura con respaldo popular, -- |
| -- |
El papel de la débil burguesía nacional en el regimen de la dictadura con respaldo popular -- |
| -- |
Sicología de las clase en la República Dominicana -- |
| -- |
Algunas ideas acerca de la comunicación con las masas -- |
| -- |
El frente de la dictadura con respaldo popular. |
| 590 ## - LOCAL NOTE (RLIN) |
| Local note |
Inventariado, 2023/VM |
| 650 #4 - SUBJECT ADDED ENTRY--TOPICAL TERM |
| Topical term or geographic name as entry element |
Oligarquía |
| 650 #4 - SUBJECT ADDED ENTRY--TOPICAL TERM |
| Topical term or geographic name as entry element |
Clases sociales |
| Geographic subdivision |
República Dominicana |
| 651 #4 - SUBJECT ADDED ENTRY--GEOGRAPHIC NAME |
| Geographic name |
República Dominicana |
| General subdivision |
Política y gobierno |
| 910 ## - USER-OPTION DATA (OCLC) |
| User-option data |
VMateo V. Control de calidad (BPMSU) |
| 942 ## - ADDED ENTRY ELEMENTS (KOHA) |
| Source of classification or shelving scheme |
Dewey Decimal Classification |
| Koha item type |
Libros |